MARC details
| 000 -LEADER |
| fixed length control field |
01152cam a2200349 a 4500 |
| 001 - CONTROL NUMBER |
| control field |
17403172 |
| 003 - CONTROL NUMBER IDENTIFIER |
| control field |
OSt |
| 005 - DATE AND TIME OF LATEST TRANSACTION |
| control field |
20250905083930.0 |
| 008 - FIXED-LENGTH DATA ELEMENTS--GENERAL INFORMATION |
| fixed length control field |
120726s2013 enkab b 001 0 eng |
| 010 ## - LIBRARY OF CONGRESS CONTROL NUMBER |
| LC control number |
2012029574 |
| 020 ## - INTERNATIONAL STANDARD BOOK NUMBER |
| International Standard Book Number |
9781409444244 |
| Qualifying information |
hbk. : alk. paper |
| 020 ## - INTERNATIONAL STANDARD BOOK NUMBER |
| International Standard Book Number |
1409444244 |
| Qualifying information |
hbk. : alk. paper |
| 020 ## - INTERNATIONAL STANDARD BOOK NUMBER |
| International Standard Book Number |
9781409444251 |
| Qualifying information |
ebk. - PDF |
| 020 ## - INTERNATIONAL STANDARD BOOK NUMBER |
| International Standard Book Number |
1409444252 |
| Qualifying information |
ebk. - PDF |
| 020 ## - INTERNATIONAL STANDARD BOOK NUMBER |
| International Standard Book Number |
9781409472704 |
| Qualifying information |
ebk. - ePUB |
| 035 ## - SYSTEM CONTROL NUMBER |
| System control number |
17403172 |
| 040 ## - CATALOGING SOURCE |
| Original cataloging agency |
SEKU |
| 050 00 - LIBRARY OF CONGRESS CALL NUMBER |
| Classification number |
HE551 |
| Item number |
.D79 2013 |
| 245 00 - TITLE STATEMENT |
| Title |
Dry ports, a global perspective : |
| Remainder of title |
challenges and developments in serving hinterlands / |
| Statement of responsibility, etc. |
edited by Rickard Bergqvist, Gordon Wilmsmeier, Kevin Cullinane. |
| 260 ## - PUBLICATION, DISTRIBUTION, ETC. (IMPRINT) |
| Place of publication, distribution, etc. |
Farnham, Surrey ; |
| -- |
Burlington, VT : |
| Name of publisher, distributor, etc. |
Ashgate, |
| Date of publication, distribution, etc. |
c2013. |
| 300 ## - PHYSICAL DESCRIPTION |
| Extent |
xx, 264 p. : |
| Other physical details |
ill., maps ; |
| Dimensions |
24 cm. |
| 490 0# - SERIES STATEMENT |
| Series statement |
Transport and society |
| 504 ## - BIBLIOGRAPHY, ETC. NOTE |
| Bibliography, etc |
Includes bibliographical references and index. |
| 650 #0 - SUBJECT ADDED ENTRY--TOPICAL TERM |
| Topical term or geographic name as entry element |
Container terminals. |
| 650 #0 - SUBJECT ADDED ENTRY--TOPICAL TERM |
| Topical term or geographic name as entry element |
Harbors. |
| 650 #0 - SUBJECT ADDED ENTRY--TOPICAL TERM |
| Topical term or geographic name as entry element |
Shipping. |
| 650 #0 - SUBJECT ADDED ENTRY--TOPICAL TERM |
| Topical term or geographic name as entry element |
Freight and freightage. |
| 700 1# - ADDED ENTRY--PERSONAL NAME |
| Personal name |
Bergqvist, Rickard. |
| 700 1# - ADDED ENTRY--PERSONAL NAME |
| Personal name |
Wilmsmeier, Gordon. |
| 700 1# - ADDED ENTRY--PERSONAL NAME |
| Personal name |
Cullinane, Kevin. |
| 942 ## - ADDED ENTRY ELEMENTS (KOHA) |
| Source of classification or shelving scheme |
Library of Congress Classification |
| Koha item type |
General circulation |